Ekspress-informacija. Ugol´naja promyšlennost´.
Uložené v:
| Médium: | Časopis |
|---|---|
| Jazyk: | Russian |
| Vydané: |
Moskva :
VINITI,
[1959-1977].
|
| Tagy: |
Pridať tag
Žiadne tagy, Buďte prvý kto otaguje tento záznam!
|
Titul je dostupný aj v ... 

MARC
| LEADER | 00000nas a2200000 a 4500 | ||
|---|---|---|---|
| 001 | 000304513 | ||
| 003 | SVKK | ||
| 005 | 20221111084601.0 | ||
| 008 | 040701d19591977ru r|p||| |0 a0rus c | ||
| 040 | |a KE001 |b slo |e AACR2 | ||
| 041 | 0 | |a rus | |
| 044 | |a ru |c RU | ||
| 245 | 0 | 0 | |a Ekspress-informacija. |p Ugol´naja promyšlennost´. |
| 246 | 3 | 0 | |a Ugol´naja promyšlennost´ |
| 260 | |a Moskva : |b VINITI, |c [1959-1977]. | ||
| 310 | |a 1x týždenne | ||
| 362 | 0 | |a [1959-1977] | |
| 910 | |a KE001 |b B.2278 | ||
| 998 | |a SE | ||
| 090 | |g CASOS |k Sklad Hlavná 10 suterén |a B.2278 |j 110738 |i 2720919646 |s Neprístupná | ||
| 090 | |g CASOS |k Sklad Hlavná 10 suterén |a B.2278 |j 110739 |i 2720919648 |s Neprístupná | ||
| 090 | |g CASOS |k Sklad Hlavná 10 suterén |a B.2278 |j 110740 |i 2720919649 |s Neprístupná | ||
| 090 | |g CASOS |k Sklad Hlavná 10 suterén |a B.2278 |j 110741 |i 2720919650 |s Neprístupná | ||
| 090 | |g CASOS |k Sklad Pribinova 1. posch. |a B.2278 |j 00000 |i 2720919620 |4 Silne poškodené |s Vyradená | ||
| 090 | |g CASOS |k Sklad Pribinova 1. posch. |a B.2278 |j 00000 |i 2720919621 |4 Silne poškodené |s Vyradená | ||
| 090 | |g CASOS |k Sklad Pribinova 1. posch. |a B.2278 |j 00000 |i 2720919622 |4 Silne poškodené |s Vyradená | ||
| 090 | |g CASOS |k Sklad Pribinova 1. posch. |a B.2278 |j 00000 |i 2720919623 |4 Silne poškodené |s Vyradená | ||
| 090 | |g CASOS |k Sklad Pribinova 1. posch. |a B.2278 |j 00000 |i 2720919624 |4 Silne poškodené |s Vyradená | ||
| 090 | |g CASOS |k Sklad Pribinova 1. posch. |a B.2278 |j 00000 |i 2720919626 |4 Silne poškodené |s Vyradená | ||
| 090 | |g CASOS |k Sklad Pribinova 1. posch. |a B.2278 |j 00000 |i 2720919629 |4 Silne poškodené |s Vyradená | ||
| 090 | |g CASOS |k Sklad Pribinova 1. posch. |a B.2278 |j 00000 |i 2720919630 |4 Silne poškodené |s Vyradená | ||
| 090 | |g CASOS |k Sklad Pribinova 1. posch. |a B.2278 |j 00000 |i 2720919633 |4 Silne poškodené |s Vyradená | ||
| 090 | |g CASOS |k Sklad Pribinova 1. posch. |a B.2278 |j 00000 |i 2720919635 |4 Silne poškodené |s Vyradená | ||
| 090 | |g CASOS |k Sklad Pribinova 1. posch. |a B.2278 |j 00000 |i 2720919639 |4 Silne poškodené |s Vyradená | ||
| 090 | |g CASOS |k Sklad Pribinova 1. posch. |a B.2278 |j 00000 |i 2720919640 |4 Silne poškodené |s Vyradená | ||
| 090 | |g CASOS |k Sklad Pribinova 1. posch. |a B.2278 |j 00000 |i 2720919641 |4 Silne poškodené |s Vyradená | ||
| 090 | |g CASOS |k Sklad Pribinova 1. posch. |a B.2278 |j 00000 |i 2720919642 |4 Silne poškodené |s Vyradená | ||